| 000 | 00990cab a2200265 4500 | ||
|---|---|---|---|
| 001 | ABS45308 | ||
| 008 | 090401t1991 xxu||||| |||| 00| 0 eng d | ||
| 035 | _a(Sirsi) u52249 | ||
| 041 | _aeng | ||
| 100 | _aGreen, D.H. | ||
| 245 | _aPepinieres d`entreprises (managed workspace) in France | ||
| 260 | _c1991 | ||
| 350 | _a0 | ||
| 490 |
_aJournal of Property Research _v8(2) Summer 1991, 161-177(9) |
||
| 520 | _aDocuments the development of Pepinieres d`entreprises (managed workspace) in France during the 1980s as policies towards the smaller business sector were encouraged in parallel with local economic development initiatives and reports some of the major observations of a survey of them. References. | ||
| 650 | _aECONOMIC DEVELOPMENT | ||
| 650 | _aFRANCE | ||
| 650 | _aMANAGED WORKSPACE | ||
| 650 | _aPEPINIERES DENTREPRISES | ||
| 690 | _aPROPERTY-COMMERCIAL PROPERTY | ||
| 690 | _aOVERSEAS-EUROPE | ||
| 700 | _aStrange, A. | ||
| 942 | _n0 | ||
| 948 | _c04/03/1997 | ||
| 999 |
_c32405 _d32405 |
||